[Event "Hradec Kralove"]
[Site "Hradec Kralove"]
[Date "1981.??.??"]
[Round "10"]
[White "Pribyl, Josef"]
[Black "Dely, Peter"]
[Result "1/2-1/2"]
[WhiteElo "2440"]
[BlackElo "2415"]

1.d4 Nf6 2.Nf3 e6 3.g3 d5 4.Bg2 Be7 5.c4 O-O 6.O-O dxc4 7.Qc2 a6 8.Qxc4 b5
9.Qc2 Bb7 10.Bf4 Nc6 11.Nc3 Nb4 12.Qb3 c5 13.dxc5 Bxc5 14.Ne5  1/2-1/2

[Event "DDR-ch U18"]
[Site "Ilmenau"]
[Date "1981.??.??"]
[Round "?"]
[White "Mirschinka, Dirk"]
[Black "Jaster, Robert"]
[Result "1-0"]
[WhiteElo "2200"]
[BlackElo "2200"]

1.d4 d5 2.c4 e6 3.Nf3 Nf6 4.g3 Be7 5.Bg2 O-O 6.O-O c6 7.Qc2 Nbd7 8.Nbd2 Re8
9.e4 dxe4 10.Nxe4 Nxe4 11.Qxe4 Nf6 12.Qc2 Bd7 13.Bf4 Qb6 14.Ne5 Rac8 15.Rfd1 Rf8
16.Bh3 Be8 17.Qe2 Nd7 18.d5 cxd5 19.cxd5 Nxe5 20.Bxe5 Bd7 21.Qg4 g6 22.d6 f5
23.Qd4 Qxd4 24.Bxd4 Bf6 25.Bxf6 Rxf6 26.Bg2 b6 27.f4 Rff8 28.Rac1 Kf7 29.Bb7 Rc5
30.b4 Rxc1 31.Rxc1 Rb8 32.Rc7 Ke8 33.b5 Rd8 34.a4 Kf7 35.Bc6 Ke8 36.Rxa7 Bxc6
37.Re7+ Kf8 38.bxc6 Rxd6 39.c7 Rc6 40.Rd7  1-0

[Event "DDR-ch U18"]
[Site "Ilmenau"]
[Date "1981.??.??"]
[Round "?"]
[White "Mirschinka, Dirk"]
[Black "Seils, Joerg"]
[Result "1/2-1/2"]
[WhiteElo "2200"]
[BlackElo "2200"]

1.d4 Nf6 2.c4 e6 3.g3 d5 4.Bg2 Be7 5.Nf3 O-O 6.O-O b6 7.Nc3 Bb7 8.cxd5 exd5
9.Bf4 c6 10.Rc1 Nbd7 11.Qb3 Re8 12.Ne5 Bf8 13.e4 Nxe5 14.dxe5 Nxe4 15.Nxe4 dxe4
16.Bxe4 g5 17.Be3 Rxe5 18.Bxh7+ Kg7 19.Rcd1 Rd5 20.Be4 Rxd1 21.Rxd1 Qe7 22.Bxc6 Bxc6
23.Qc3+ Kg8 24.Qxc6 Rd8 25.Rd5 f6 26.Rxd8 Qxd8 27.Qc4+ Kg7 28.Qd4 Qxd4 29.Bxd4 Kf7
30.g4 Ke6 31.Kg2 f5 32.h3 fxg4 33.hxg4 Be7 34.Kf3 Kd5 35.Ke3 Bd8 36.Bc3 Bc7
37.Kd3 b5 38.Bf6 Bf4 39.Bd4 a5 40.Be3 Be5 41.Bxg5 Bxb2 42.Bd2 b4 43.f4 Bg7
44.f5 Bf8 45.Bc1 a4 46.Bb2 Bh6 47.Bf6 b3 48.axb3 axb3 49.Bb2  1/2-1/2

[Event "Keszthely"]
[Site "Keszthely"]
[Date "1981.??.??"]
[Round "2"]
[White "Barczay, Laszlo"]
[Black "Horvath, Tamas"]
[Result "1/2-1/2"]
[WhiteElo "2415"]
[BlackElo "2410"]

1.d4 Nf6 2.c4 e6 3.Nf3 d5 4.g3 Be7 5.Bg2 O-O 6.O-O dxc4 7.Ne5 Nc6 8.Nxc6 bxc6
9.Na3 Bxa3 10.bxa3 Nd5 11.Qa4 Nb6 12.Qxc6 Rb8 13.Qc5 Qd6 14.Bf4 Qxc5 15.dxc5 Nd5
16.Bxd5 exd5 17.Bxc7 Rb2 18.Rfe1  1/2-1/2

[Event "NLD-ch"]
[Site "Leeuwarden"]
[Date "1981.??.??"]
[Round "1"]
[White "Langeweg, Kick"]
[Black "Bohm, Hans"]
[Result "1/2-1/2"]
[WhiteElo "2455"]
[BlackElo "2410"]

1.d4 Nf6 2.c4 e6 3.Nf3 d5 4.g3 Be7 5.Bg2 O-O 6.O-O Nbd7 7.Qc2 c6 8.Nbd2 b6
9.e4 Bb7 10.b3 Rc8 11.Bb2 dxe4 12.Nxe4 Nxe4 13.Qxe4 Rc7 14.Rad1 Qa8 15.Qf4 Rcc8
16.Rfe1 Bf6 17.Ne5 Bxe5 18.dxe5 c5 19.Bxb7 Qxb7 20.Rd6 Rfd8 21.h4 Nf8 22.h5 h6
23.Red1 Rc7 24.R1d3 Rdd7 25.Rxd7 Nxd7 26.Qf3 Qxf3 27.Rxf3 Kf8 28.Kg2  1/2-1/2

[Event "BKL-Turnier"]
[Site "Leipzig"]
[Date "1981.??.??"]
[Round "7"]
[White "Meduna, Eduard"]
[Black "Schurade, Matthias"]
[Result "1-0"]
[WhiteElo "2450"]
[BlackElo "2360"]

1.d4 d5 2.c4 e6 3.Nf3 Nf6 4.g3 Be7 5.Bg2 O-O 6.O-O Nbd7 7.Nc3 dxc4 8.e4 c6
9.a4 a5 10.Qe2 Bb4 11.Rd1 Qe7 12.e5 Nd5 13.Qxc4 h6 14.Nd2 Rb8 15.Nde4 Rd8
16.Qe2 Nf8 17.Bd2 b6 18.Rac1 c5 19.dxc5 bxc5 20.Nd6 Bd7 21.Nxd5 exd5 22.Bxb4 Rxb4
23.Bxd5 Bxa4 24.Bxf7+ Kh8 25.b3 Bd7 26.Bc4 Kh7 27.Qd3+ g6 28.Qd5 Ne6 29.Nb7  1-0

[Event "Lone Pine op"]
[Site "Lone Pine"]
[Date "1981.??.??"]
[Round "?"]
[White "Sosonko, Gennadi"]
[Black "Dahlberg, Ivars A"]
[Result "1/2-1/2"]
[WhiteElo "2595"]
[BlackElo "2480"]

1.d4 Nf6 2.c4 e6 3.Nf3 d5 4.g3 Be7 5.Bg2 O-O 6.O-O Nbd7 7.Qc2 c6 8.b3 b6
9.Rd1 Ba6 10.Nbd2 c5 11.e4 cxd4 12.Nxd4 Rc8 13.exd5 exd5 14.Qf5 g6 15.Qh3 Nc5
16.N2f3 dxc4 17.Bh6 c3 18.b4 Nce4 19.b5 c2  1/2-1/2

[Event "POL-chT"]
[Site "Lubniewice"]
[Date "1981.??.??"]
[Round "3"]
[White "Sygulski, Artur"]
[Black "Kwiecinski, Ryszard"]
[Result "1-0"]
[WhiteElo "2200"]
[BlackElo "2200"]

1.d4 Nf6 2.c4 e6 3.Nf3 d5 4.g3 Be7 5.Bg2 O-O 6.Nbd2 c5 7.O-O Nc6 8.cxd5 Nxd5
9.Ne4 cxd4 10.Nxd4 Qb6 11.Nxc6 bxc6 12.Qc2 h6 13.Bd2 Ba6 14.Rfe1 Rfd8 15.a3 Rac8
16.g4 Nf6 17.Be3 c5 18.h3 Nxe4 19.Bxe4 Bf6 20.Rad1 Bd4 21.Bc1 c4 22.e3 Bf6
23.Rxd8+ Rxd8 24.Rd1 Rd6 25.Rxd6 Qxd6 26.Bd2 Qb6 27.Bb4 Bb5 28.Qd2 Qd8 29.Qxd8+ Bxd8
30.Bc3 Bb6 31.Kf1 Kf8 32.Ke1 Bc5 33.Bd4 Bxd4 34.exd4 a5 35.Kd2 Ke7 36.Kc3 Kd6
37.Bg2 f5 38.gxf5 exf5 39.Bf1 f4 40.b3 f3 41.bxc4 Bd7 42.Kd3 g5 43.Ke3  1-0

[Event "POL-chT"]
[Site "Lubniewice"]
[Date "1981.??.??"]
[Round "5"]
[White "Sygulski, Artur"]
[Black "Figiel, C."]
[Result "1-0"]
[WhiteElo "2200"]
[BlackElo "2200"]

1.d4 Nf6 2.c4 e6 3.g3 d5 4.Bg2 Be7 5.Nf3 O-O 6.O-O c6 7.Qc2 Nbd7 8.Nbd2 b6
9.e4 dxe4 10.Nxe4 Nxe4 11.Qxe4 Bb7 12.Rd1 Rc8 13.Bf4 Ba8 14.Qc2 Re8 15.c5 Nf6
16.b4 Nd5 17.Bd2 Bf6 18.Rac1 b5 19.h4 Bb7 20.a3 h6 21.Qe4 Rc7 22.Qg4 e5 23.dxe5 Bc8
24.Qd4 Be7 25.Qe4 Be6 26.Nd4 Qc8 27.Nxe6 Qxe6 28.Re1 Bd8 29.f4 Rce7 30.Qf3 g6
31.Kh2 f5 32.exf6 Qxf6 33.Rxe7 Rxe7 34.Qd3 Qf5 35.Qxf5 gxf5 36.Bf3 Nf6 37.Bc3 Ne4
38.Be5 Bc7 39.Bxc7 Rxc7 40.Bxe4 fxe4 41.Re1 Re7 42.g4 Kf7 43.Kg2 h5 44.g5 Kg6
45.Kf2 Kf5 46.Rg1 Kxf4 47.Rd1 Ke5 48.Ke3 Rf7 49.Rg1 Rf3+ 50.Ke2 Rf7 51.g6 Rg7
52.Ke3 Kf6 53.Kxe4 Re7+ 54.Kf4 Kg7 55.Kf5 Rd7 56.Re1 a5 57.bxa5  1-0

[Event "Sokolsky mem"]
[Site "Minsk"]
[Date "1981.??.??"]
[Round "3"]
[White "Shereshevski, Mikhail"]
[Black "Roizman, Abram Y"]
[Result "1/2-1/2"]
[WhiteElo "2420"]
[BlackElo "2315"]

1.d4 Nf6 2.c4 e6 3.g3 d5 4.Bg2 Be7 5.Nf3 O-O 6.O-O dxc4 7.Ne5 Nc6 8.Nxc6 bxc6
9.Na3 Bxa3 10.bxa3 Ba6 11.Bxc6 Rb8 12.Qa4 Rb6 13.Bf3 Nd5 14.Qc2  1/2-1/2

[Event "Ed.Lasker mem"]
[Site "New York"]
[Date "1981.??.??"]
[Round "10"]
[White "Lein, Anatoly"]
[Black "Tisdall, Jonathan D"]
[Result "1-0"]
[WhiteElo "2485"]
[BlackElo "2410"]

1.d4 Nf6 2.Nf3 e6 3.c4 d5 4.g3 Be7 5.Bg2 O-O 6.O-O dxc4 7.Qc2 a6 8.a4 c5
9.dxc5 Nc6 10.Nbd2 Bxc5 11.Nxc4 Qe7 12.Bg5 h6 13.Bxf6 Qxf6 14.Rac1 a5 15.Nfd2 Ra6
16.Ne4 Qe7 17.Rfd1 Ba7 18.e3 Nb4 19.Qd2 e5 20.Ned6 Be6 21.Bxb7 Bxc4 22.Rxc4 Rxd6
23.Qxd6 Qxb7 24.Rc7 Qa8 25.Rd7 Bb8 26.Qc5 Qf3 27.Qxa5 Nc6 28.Qd5 Qf6 29.Rc1 Ne7
30.Qb7 Bd6 31.Qa6 Nf5 32.Rc8 Rxc8 33.Qxc8+ Kh7 34.Qc6 Qg6 35.Qe4 h5 36.a5  1-0

[Event "Plovdiv"]
[Site "Plovdiv"]
[Date "1981.??.??"]
[Round "4"]
[White "Padevsky, Nikola"]
[Black "Tringov, Georgi P"]
[Result "1/2-1/2"]
[WhiteElo "2435"]
[BlackElo "2470"]

1.d4 Nf6 2.g3 d5 3.c4 e6 4.Bg2 Be7 5.Nf3 O-O 6.cxd5 exd5 7.O-O c6 8.Nc3 Bf5
9.Bf4 Nbd7 10.Ne5 Nxe5 11.Bxe5 Qb6  1/2-1/2

[Event "Bohemians"]
[Site "Prague"]
[Date "1981.??.??"]
[Round "?"]
[White "Novak, Ivan"]
[Black "Neckar, Lubomir"]
[Result "1-0"]
[WhiteElo "2310"]
[BlackElo "2380"]

1.g3 d5 2.Bg2 Nf6 3.c4 e6 4.Nf3 Be7 5.d4 O-O 6.O-O b6 7.Nc3 Bb7 8.b3 c5 9.cxd5 exd5
10.Bb2 Na6 11.Rc1 Re8 12.Re1 Ne4 13.dxc5 Naxc5 14.Nb5 Qd7 15.Nbd4 Bf6 16.Rc2 Rac8
17.Qa1 a5 18.Rcc1 Ba6 19.Nc2 Bxb2 20.Qxb2 Nxf2 21.Qd4 Nfe4 22.Ne3 Nf6 23.Ng5 Rcd8
24.Bh3 Qe7 25.Nf5 Qe5 26.Qh4 Bc8 27.Nf3 Qe4 28.Qg5 Bxf5 29.Bxf5 Qb4 30.Rcd1 Nce4
31.Bxe4 Nxe4 32.Qc1 Rc8 33.Qb2 Qc5+ 34.Qd4 Nc3 35.Rd2 Re4 36.Qxc5 Rxc5 37.Nd4 Rc8
38.Kf2 b5 39.a3 b4 40.axb4 axb4 41.Ra1 Rce8 42.Ra7 R4e7 43.Ra5 Ne4+ 44.Ke1 Nxd2
45.Kxd2 Rd7 46.Ra4 Re4 47.Ra8+  1-0

[Event "Bohemians"]
[Site "Prague"]
[Date "1981.??.??"]
[Round "?"]
[White "Szymczak, Zbigniew"]
[Black "Modr, Bretislav"]
[Result "1/2-1/2"]
[WhiteElo "2395"]
[BlackElo "2355"]

1.d4 Nf6 2.c4 e6 3.g3 d5 4.Nf3 Be7 5.Bg2 O-O 6.O-O dxc4 7.Ne5 Nc6 8.Nxc6 bxc6
9.Na3 Bxa3 10.bxa3 Nd5 11.Qa4 Nb6 12.Qxc6 Rb8 13.Qc5 Ba6 14.Bf4 Nd5 15.Rfc1 Nxf4
16.gxf4 Rb6 17.e3 Qb8 18.Bf1 e5 19.fxe5 Rg6+ 20.Bg2 Bb7 21.d5 Qd8 22.Kh1 Qg5
23.Be4 Qxe5 24.Qd4 Qxd4 25.exd4 f5 26.Bf3 Rd6  1/2-1/2

[Event "Reggio Emilia8182"]
[Site "Reggio Emilia"]
[Date "1981.??.??"]
[Round "8"]
[White "Duer, Arne"]
[Black "Messa, Roberto"]
[Result "1-0"]
[WhiteElo "2395"]
[BlackElo "2325"]

1.c4 e6 2.Nf3 d5 3.d4 Be7 4.g3 Nf6 5.Bg2 O-O 6.O-O c5 7.cxd5 Nxd5 8.Nc3 Nxc3
9.bxc3 Nc6 10.e4 Qa5 11.d5 exd5 12.exd5 Rd8 13.Bd2 Rxd5 14.c4 Rxd2 15.Qxd2 Be6
16.Rac1 Rd8 17.Qxa5 Nxa5 18.Rfe1 Kf8 19.Bf1 Bf6 20.Re3 Rd6 21.h4 h6 22.Rc2 Rd1
23.Re1 Rd6 24.Nd2 Rb6 25.Rb1 Ra6 26.Bg2 b6 27.Re1 Bd7 28.Ne4 Bd4 29.Nd6 g6
30.Rce2 Nc6 31.Bd5 Nb4 32.Re7 Be6 33.Re8+ Kg7 34.Bxe6 Rxa2 35.Bxf7 Rxf2 36.Kh1 Nd3
37.R1e7 Rf1+ 38.Kg2 Rf2+ 39.Kh3 h5 40.Bd5+  1-0

[Event "Nordic-ch"]
[Site "Reykjavik"]
[Date "1981.??.??"]
[Round "?"]
[White "Petursson, Margeir"]
[Black "Schussler, Harry"]
[Result "1/2-1/2"]
[WhiteElo "2460"]
[BlackElo "2495"]

1.c4 Nf6 2.d4 e6 3.g3 d5 4.Bg2 Be7 5.Nf3 O-O 6.Nbd2 dxc4 7.Nxc4 c5 8.O-O Nc6
9.dxc5 Bxc5 10.Qxd8 Rxd8 11.Bf4 Nd5 12.Rfd1 b6 13.Rac1 Ba6 14.Rd2 Rac8 15.a3 Nxf4
16.gxf4 Nd4 17.e3 Bxc4 18.Nxd4 Bxd4 19.Rxd4 Rxd4 20.exd4 Ba6 21.Rxc8+ Bxc8
22.Kf1 Ba6+ 23.Ke1 Kf8 24.Kd2 Ke7 25.Be4 h6 26.f5 exf5 27.Bxf5 Kd6 28.Ke3 Bb7
29.h4 Bd5 30.Bd3 g5 31.hxg5 hxg5 32.Bf5 f6 33.Kd3 Be6 34.Ke4 Ba2 35.Ke3 Bd5
36.Kd3 Bf7 37.Ke3 Ba2 38.Kf3 Bb3 39.Ke3 Ke7 40.Kd3 Kd6 41.Ke3  1/2-1/2

[Event "Nordic-ch"]
[Site "Reykjavik"]
[Date "1981.??.??"]
[Round "?"]
[White "Petursson, Margeir"]
[Black "Hansen, Jens Christian"]
[Result "1-0"]
[WhiteElo "2460"]
[BlackElo "2330"]

1.Nf3 Nf6 2.d4 e6 3.c4 d5 4.g3 Be7 5.Bg2 O-O 6.O-O b6 7.Nc3 Bb7 8.Ne5 Nbd7
9.cxd5 Nxe5 10.d6 Nc6 11.dxe7 Qxe7 12.Bg5 Rfd8 13.e3 h6 14.Bxf6 Qxf6 15.Qa4 Na5
16.Bxb7 Nxb7 17.Qc6 Na5 18.Qxc7 Rdc8 19.Qf4 Qxf4 20.gxf4 Nc4 21.Na4 Kf8 22.Rfc1 Nd6
23.Kf1 Ke7 24.Ke2 Rxc1 25.Rxc1 Rc8 26.Rxc8 Nxc8 27.Kd3 Kd6 28.Nc3 a6 29.e4 Ne7
30.Kc4 Ng6 31.e5+ Kc6 32.d5+ Kd7 33.Ne2 f6 34.Kd4 exd5 35.Kxd5 Ne7+ 36.Ke4 f5+
37.Kd4 g6 38.Kc4 Kc7 39.Nd4 Kd7 40.h4 Kc7 41.b4 Kd7 42.a4 Kc7 43.a5 Kb7 44.Nc2 Kc6
45.Ne3 Nc8 46.Nd5 bxa5 47.bxa5 Na7 48.Nb4+  1-0

[Event "ISL-ch"]
[Site "Reykjavik"]
[Date "1981.??.??"]
[Round "4"]
[White "Gudmundsson, Elvar"]
[Black "Johannsson, Ingi Randver"]
[Result "1/2-1/2"]
[WhiteElo "2285"]
[BlackElo "2445"]

1.c4 e6 2.Nf3 Nf6 3.g3 d5 4.d4 Be7 5.Bg2 O-O 6.O-O Nbd7 7.Qc2 c6 8.b3 b6
9.Nbd2 Bb7 10.Bb2 a5 11.Rfe1 c5 12.cxd5 exd5 13.Rad1 Rc8 14.dxc5 Bxc5 15.Qb1 Re8
16.Nd4 Ba6 17.N2f3 Bb4 18.Nd2 Ne5 19.a3 Bc3 20.Bxc3 Rxc3 21.Qb2 Rc7 22.N2f3 Nxf3+
23.Bxf3 Qd7 24.Rc1 Rec8 25.Red1 h6 26.Kg2 Ne4 27.Rxc7 Rxc7 28.Rc1 Rc5 29.b4 axb4
30.axb4 Rxc1 31.Qxc1 Ng5 32.Qa3 Bc4 33.h4 Nxf3 34.Qxf3 Qe7 35.Qc3 Qe4+ 36.f3 Qe5
37.Kf2 Qe7 38.Qd2 b5 39.Nc2 Qe6 40.Qe3 Qh3 41.Ne1  1/2-1/2

[Event "Rome"]
[Site "Rome"]
[Date "1981.??.??"]
[Round "?"]
[White "Csom, Istvan"]
[Black "Matanovic, Aleksandar"]
[Result "1/2-1/2"]
[WhiteElo "2500"]
[BlackElo "2500"]

1.d4 Nf6 2.c4 e6 3.g3 d5 4.Nf3 Be7 5.Bg2 O-O 6.O-O dxc4 7.Ne5 Nc6 8.Nxc6 bxc6
9.Na3 Bxa3 10.bxa3 Nd5 11.Qa4 Nb6 12.Qxc6 Rb8 13.Qc5 Ba6 14.Re1 c6 15.Bf4 Rc8
16.Bd2 Na4 17.Qa5 Bb5 18.Bb4 Re8 19.e3 Qxa5 20.Bxa5 Nb2 21.Re2 Nd3 22.Rc2 g6
23.a4  1/2-1/2

[Event "Rome"]
[Site "Rome"]
[Date "1981.??.??"]
[Round "?"]
[White "Csom, Istvan"]
[Black "Parma, Bruno"]
[Result "1/2-1/2"]
[WhiteElo "2500"]
[BlackElo "2500"]

1.d4 Nf6 2.c4 e6 3.g3 d5 4.Nf3 Be7 5.Bg2 O-O 6.O-O dxc4 7.Qa4 a6 8.Qxc4 b5
9.Qc2 Bb7 10.Bf4 Nc6 11.Rd1 Nb4 12.Qc1 Nbd5 13.Nbd2 c5 14.dxc5 Nxf4 15.gxf4 Qc7
16.c6 Qxc6 17.Qxc6 Bxc6 18.Ne5 Bxg2 19.Kxg2 Rfc8 20.Rac1 Kf8 21.Kf3 Ke8 22.Nb3 Nd5
23.Rxc8+ Rxc8 24.Rc1  1/2-1/2

[Event "Sarajevo"]
[Site "Sarajevo"]
[Date "1981.??.??"]
[Round "2"]
[White "Langeweg, Kick"]
[Black "Kelecevic, Nedeljko"]
[Result "1/2-1/2"]
[WhiteElo "2455"]
[BlackElo "2400"]

1.d4 Nf6 2.Nf3 e6 3.c4 d5 4.g3 Be7 5.Bg2 O-O 6.O-O dxc4 7.Qc2 a6 8.Qxc4 b5
9.Qc2 Bb7 10.Bg5 Nbd7 11.Nbd2 Rc8 12.Nb3 Be4 13.Qc1 c5 14.dxc5 Nxc5 15.Nxc5 Rxc5
16.Qe3 Qa8 17.Bxf6 gxf6 18.Rfd1 Rd5 19.Rdc1 Rd7 20.Ne1 Bxg2 21.Nxg2 Rfd8
22.Nf4 f5 23.Nd3 Qe4 24.Rc2 Kg7 25.Rac1 h6 26.Qxe4 fxe4  1/2-1/2

[Event "BUL-ch"]
[Site "Sofia"]
[Date "1981.??.??"]
[Round "2"]
[White "Toshkov, Tihomir"]
[Black "Stefanov, Krasimir"]
[Result "1/2-1/2"]
[WhiteElo "2385"]
[BlackElo "2315"]

1.d4 e6 2.Nf3 d5 3.c4 Be7 4.g3 Nf6 5.Bg2 O-O 6.O-O c6 7.Nbd2 Nbd7 8.Qc2 Qc7
9.Re1 c5 10.cxd5 exd5 11.b3 b6 12.Bb2 Bb7 13.Rac1 Rac8 14.Qb1 a5 15.Bh3 Rcd8
16.Qa1 Rfe8 17.Nb1 Bf8 18.Nc3 Ne4 19.e3 Qd6 20.Rcd1 Ndf6 21.Nb5 Qc6 22.a4 Nd7
23.Nh4 Nd6 24.Bf1 Nxb5 25.Bxb5 Qc7 26.Ng2 Bc6 27.Nf4 Bxb5 28.axb5 Qb7 29.Re2 cxd4
30.Bxd4 Nc5 31.Bxc5 Bxc5 32.Red2 d4 33.exd4 Bd6 34.Ng2 Qd5 35.Qa4 Bb4 36.Rd3 Rc8
37.Ne3 Qe4 38.Qa2 f5 39.Nc4 f4 40.d5 Bc5 41.d6 f3 42.Ne3 Re6 43.d7 Rd8 44.Qd2 Re7
45.Qc3 Kf8 46.Qc4 Bxe3 47.fxe3 Qf5 48.Qf4 Re5 49.Qxf5+ Rxf5 50.Rd5 Rxd5 51.Rxd5 Ke7
52.Kf2 Rxd7 53.Rxd7+ Kxd7 54.Kxf3 Kd6 55.Ke4 Kc5 56.Kf5 Kxb5 57.e4 Kc5 58.Ke6 b5
59.e5 a4 60.bxa4 bxa4 61.Kf7 a3 62.e6 a2 63.e7 a1=Q 64.e8=Q Qa2+ 65.Kxg7 Qxh2
66.Qe5+ Kc6 67.Qe6+ Kc5 68.g4 Kd4 69.g5 Qc7+ 70.Kh8 Qb7 71.Qh6 Ke5 72.Qf6+ Ke4
73.Kg8 Qc7 74.Kh8 Qb7 75.Qf2 Qc7 76.Qf6 Qb7 77.Qh6 Kf5 78.Qh5 Kf4 79.Qh4+  1/2-1/2

[Event "Tallinn"]
[Site "Tallinn"]
[Date "1981.??.??"]
[Round "6"]
[White "Barczay, Laszlo"]
[Black "Vooremaa, Andres"]
[Result "1/2-1/2"]
[WhiteElo "2415"]
[BlackElo "2415"]

1.d4 d5 2.c4 e6 3.Nf3 Nf6 4.g3 Be7 5.Bg2 O-O 6.O-O Nbd7 7.Ne5 c6 8.Nxd7 Qxd7
9.Nd2 b6 10.b3 Bb7 11.Bb2 Rfd8 12.e3 Rac8 13.Qe2 c5 14.dxc5 Rxc5 15.Rfd1 Qc8
16.cxd5 Ba6 17.Qe1 Nxd5 18.Ba3 Nc3 19.Bxc5 Bxc5 20.Ne4 Nxd1 21.Nxc5 Nxe3
22.Qxe3 Qxc5 23.Qxc5 bxc5 24.Rc1 Be2 25.f4 Rd1+ 26.Rxd1 Bxd1 27.Be4 f5 28.Bd3 Kf7
29.Kf2 Ke7 30.Ke3 Kd6 31.Ba6 h6 32.h4 Bc2 33.Kd2 Be4 34.Kc3 Bd5 35.a3 Kc6
36.b4 Kb6 37.Be2 a5 38.Bd1 axb4+ 39.axb4 Kc6 40.bxc5 Kxc5 41.Kd3 Be4+  1/2-1/2

[Event "Trencianske Teplice"]
[Site "Trencianske Teplice"]
[Date "1981.??.??"]
[Round "2"]
[White "Novak, Ivan"]
[Black "Neckar, Lubomir"]
[Result "1/2-1/2"]
[WhiteElo "2335"]
[BlackElo "2375"]

1.d4 d5 2.g3 Nf6 3.Bg2 e6 4.Nf3 Be7 5.c4 O-O 6.O-O b6 7.Ne5 Bb7 8.Nc3 Na6
9.b3 c5 10.Bb2 Ne4 11.cxd5 exd5 12.Rc1 Re8 13.Nd3 cxd4 14.Nb5  1/2-1/2

[Event "Tirnava"]
[Site "Trnava"]
[Date "1981.??.??"]
[Round "8"]
[White "Heinig, Wolfram"]
[Black "Prandstetter, Eduard"]
[Result "1/2-1/2"]
[WhiteElo "2365"]
[BlackElo "2440"]

1.d4 Nf6 2.c4 e6 3.Nf3 d5 4.g3 Be7 5.Bg2 O-O 6.Qc2 c5 7.O-O cxd4 8.Nxd4 Qb6
9.Nb3 Qc7 10.Na3 Bxa3 11.bxa3 Qxc4 12.Qxc4 dxc4 13.Na5 Nc6 14.Nxc4 Nd5 15.Bb2 Rd8
16.Rfd1 Bd7 17.Rd2 Be8 18.Rad1 Nb6 19.Rxd8 Rxd8 20.Rxd8 Nxd8 21.Nxb6 axb6
22.Bd4 b5 23.Bb6 Nc6 24.Kf1 f6 25.Ke1 Bg6 26.e3 Bd3 27.Kd2 Bc4 28.Kc3 Bxa2
29.Bf1 Bc4  1/2-1/2

[Event "URS-FL49"]
[Site "Volgodonsk"]
[Date "1981.??.??"]
[Round "12"]
[White "Azmaiparashvili, Zurab"]
[Black "Novopashin, Arkady"]
[Result "1-0"]
[WhiteElo "2390"]
[BlackElo "2380"]

1.Nf3 d5 2.c4 e6 3.d4 Nf6 4.g3 Be7 5.Bg2 O-O 6.O-O dxc4 7.Qc2 a6 8.a4 Bd7
9.Rd1 Bc6 10.Nc3 Bb4 11.Bg5 Bxc3 12.Bxf6 Qxf6 13.Qxc3 Qe7 14.Qxc4 Nd7 15.Rac1 Rfd8
16.Ne1 Bxg2 17.Nxg2 c6 18.Qb3 Nf6 19.Ne3 Nd5 20.Nc4 a5 21.e4 Qb4 22.Qxb4 Nxb4
23.b3 f6 24.Kf1 Kf7 25.Ke2 Ke7 26.f3 Ra6 27.Rd2 Rd7 28.g4 h6 29.h4 Rd8 30.Rg1 b5
31.Ne3 Kf7 32.Rc1 Ra7 33.Rc5 Rb7 34.Rd1 Ke7 35.Rd2 Kf7 36.Nd1 bxa4 37.bxa4 Rbd7
38.Rxa5 e5 39.Nb2 Rxd4 40.Ra7+ Ke6 41.Rxd4 Rxd4 42.Rxg7 h5 43.gxh5 f5 44.exf5+ Kxf5
45.Rg4 c5 46.Rxd4 exd4 47.a5 Kf6 48.f4 Kg7 49.f5 Kg8 50.Nd3 Na6 51.Ne5 Nb4
52.f6 c4 53.h6  1-0

[Event "Vrsac"]
[Site "Vrsac"]
[Date "1981.??.??"]
[Round "13"]
[White "Rajkovic, Dusan"]
[Black "Simic, Sinisa"]
[Result "1-0"]
[WhiteElo "2470"]
[BlackElo "2200"]

1.d4 Nf6 2.c4 e6 3.Nf3 d5 4.g3 Be7 5.Bg2 O-O 6.O-O dxc4 7.Qc2 c5 8.dxc5 Bxc5
9.Qxc4 Qe7 10.Nc3 Nbd7 11.Qh4 Rd8 12.a3 Nf8 13.b4 Ng6 14.Qc4 Bd6 15.Bg5 h6
16.Bxf6 Qxf6 17.Ne4 Qe7 18.Nxd6 Rxd6 19.h4 Bd7 20.h5 Rc8 21.Qe4 Bc6 22.Qe3 Nf8
23.Qxa7 Rd5 24.Nd4 Rd7 25.Rfc1 Rdc7 26.Nxc6 bxc6 27.Qc5 Qf6 28.a4 Nd7 29.Qd6 Nb6
30.a5 Nd5 31.Bf3 Qb2 32.Rab1 Qa2 33.Qc5 Qa4 34.e4 Nf6 35.Ra1 Qb3 36.Qc3 Qxc3
37.Rxc3 Rb8 38.Ra4 Nd7 39.Be2 Rcb7 40.Rxc6 Rxb4 41.Rxb4 Rxb4 42.Rc8+ Kh7
43.Rc7  1-0

[Event "Amsterdam"]
[Site "Amsterdam"]
[Date "1982.??.??"]
[Round "4"]
[White "Ree, Hans"]
[Black "Saeed, Saeed Ahmed"]
[Result "1-0"]
[WhiteElo "2490"]
[BlackElo "2395"]

1.c4 e6 2.d4 Nf6 3.g3 d5 4.Bg2 Be7 5.Nf3 O-O 6.O-O dxc4 7.Qc2 a6 8.Qxc4 b5
9.Qc2 Bb7 10.Bd2 Nc6 11.e3 Nb4 12.Bxb4 Bxb4 13.a3 Be7 14.Nbd2 Qd6 15.Nb3 Be4
16.Qc3 b4 17.axb4 Qxb4 18.Qxb4 Bxb4 19.Rfc1 Rfb8 20.h3 Bd5 21.Nc5 Bxc5 22.Rxc5 Rxb2
23.Rxc7 Rb7 24.Rxb7 Bxb7 25.Ne5 Bxg2 26.Kxg2 Nd5 27.Ra5 Nb4 28.Kf3 f6 29.Nd7 Nc6
30.Rc5 Ne7 31.Nb6 Rb8 32.Rc7 Kf7 33.Nc4 Ra8 34.Na5 Ke8 35.Rb7 Kf8 36.g4 Ng6
37.Ke4 Ne7 38.f4 g6 39.g5 f5+ 40.Ke5 Re8 41.Ra7 Nd5 42.Rxh7 Nxe3 43.Rh8+ Kf7
44.Rh7+ Kf8 45.Ra7 Re7 46.Rxa6 Kf7 47.Kd6 e5 48.Nc6 Re6+ 49.Kc5 Rxc6+ 50.Rxc6 exf4
51.Rf6+ Kg7 52.Re6 Nd1 53.Re1 Nf2 54.Kc6 Nxh3 55.d5 Nxg5 56.d6 f3 57.d7 Nf7
58.Rf1 f4 59.Rxf3 g5 60.Kc7 Kg6 61.Rf1 Kf6 62.Rf2 Kg6 63.Re2 f3 64.Re6+ Kg7
65.Re3 g4 66.Re4  1-0

[Event "Amsterdam"]
[Site "Amsterdam"]
[Date "1982.??.??"]
[Round "6"]
[White "Sosonko, Gennadi"]
[Black "Van der Sterren, Paul"]
[Result "1/2-1/2"]
[WhiteElo "2575"]
[BlackElo "2465"]

1.d4 d5 2.Nf3 Nf6 3.c4 e6 4.g3 Be7 5.Bg2 O-O 6.O-O c5 7.cxd5 exd5 8.Nc3 Nc6
9.Bg5 cxd4 10.Nxd4 h6 11.Be3 Re8 12.Rc1 Bf8 13.Nxc6 bxc6 14.Na4 Bd7 15.Bc5 Bxc5
16.Nxc5 Bf5 17.Re1 Rb8 18.b3 Qa5 19.Na4 Qb4 20.e3 Qa3 21.Qd2 Ne4 22.Qe2 Rbc8
23.f3 Ng5 24.Qb2 Qd6 25.Qd4 Qa3 26.Qb2 Qd6 27.Nc5 Ne6 28.b4 Rb8 29.Qd2 Nxc5
30.Rxc5 a5 31.a3 axb4 32.axb4 Qf6 33.Rec1 Rb6 34.e4 dxe4 35.fxe4  1/2-1/2

[Event "Beersheba"]
[Site "Beersheba"]
[Date "1982.??.??"]
[Round "5"]
[White "Shvidler, Eliahu"]
[Black "Burger, Karl"]
[Result "1-0"]
[WhiteElo "2200"]
[BlackElo "2420"]

1.Nf3 d5 2.d4 Nf6 3.c4 e6 4.g3 Be7 5.Bg2 O-O 6.O-O dxc4 7.Na3 Bxa3 8.bxa3 Nbd7
9.a4 a5 10.Ba3 Re8 11.Rc1 Nd5 12.e4 Nb4 13.Bxb4 axb4 14.Rxc4 Nb6 15.Rxb4 Bd7
16.Ne5 Rxa4 17.Qb3 Qe7 18.Rxa4 Bxa4 19.Qc3 f6 20.Nd3 Bb5 21.Rb1 Bxd3 22.Qxd3 Rd8
23.d5 Qd6 24.Qb5 exd5 25.exd5 Qa3 26.Re1 Kf8 27.Qb1 g6 28.Qa1 Rd6 29.Rc1 Na8
30.Rc3 Qa4 31.Qc1 Qd7 32.h4 Kg7 33.Kh2 Qd8 34.h5 gxh5 35.Rc4 Rxd5 36.Bxd5 Qxd5
37.Qc3 b5 38.Rf4 Qd6 39.Qf3 Nb6 40.Qxh5 Qe6 41.Rg4+ Kh8 42.Rh4 Qd7 43.Qc5 Kg7
44.Rd4 Qf7 45.Rg4+ Kh8 46.Qxb5 Nd7 47.Qc4 Qf8 48.f4 Qe8 49.Rh4 c5 50.Qc2 Qe7
51.a4 Nb8 52.Rh5 Na6 53.Qc4 Qe8 54.Rd5 Nb4 55.Rxc5 Qxa4 56.Qf7  1-0

[Event "Beersheba"]
[Site "Beersheba"]
[Date "1982.??.??"]
[Round "6"]
[White "Birnboim, Nathan"]
[Black "Shvidler, Eliahu"]
[Result "1-0"]
[WhiteElo "2460"]
[BlackElo "2200"]

1.d4 Nf6 2.c4 e6 3.g3 d5 4.Bg2 Be7 5.Nf3 O-O 6.O-O dxc4 7.Qc2 a6 8.a4 Bd7
9.Qxc4 Bc6 10.Bf4 a5 11.Nc3 Na6 12.Qd3 Nb4 13.Qb1 Bxf3 14.Bxf3 c6 15.Rd1 Bd6
16.Bd2 Qe7 17.Ne4 Nxe4 18.Bxe4 f5 19.Bf3 Qf6 20.Qc1 h6 21.Qc4 g5 22.Qb3 Rf7
23.Rf1 Nd5 24.Rad1 Qg6 25.Bg2 g4 26.e4 fxe4 27.Rde1 e3 28.fxe3 Raf8 29.Bxa5 Rxf1+
30.Rxf1 Rxf1+ 31.Bxf1 Qe4 32.Bd2 Qf3 33.Qd3 Kg7 34.Be2 Qf6 35.e4 Nb4 36.e5 Qf7
37.Qb3  1-0

[Event "HUN-ch+"]
[Site "Budapest"]
[Date "1982.??.??"]
[Round "?"]
[White "Karolyi, Tibor Jr"]
[Black "Rajna, George"]
[Result "1/2-1/2"]
[WhiteElo "2360"]
[BlackElo "2390"]

1.d4 Nf6 2.c4 e6 3.g3 d5 4.Bg2 Be7 5.Nf3 O-O 6.O-O dxc4 7.Qc2 Bd7 8.Qxc4 Bc6
9.Nc3 Nbd7 10.Rd1 Nb6  1/2-1/2

[Event "Budapest"]
[Site "Budapest"]
[Date "1982.??.??"]
[Round "1"]
[White "Szekely, Peter"]
[Black "Burger, Karl"]
[Result "1/2-1/2"]
[WhiteElo "2430"]
[BlackElo "2420"]

1.Nf3 Nf6 2.c4 e6 3.g3 d5 4.Bg2 Be7 5.d4 O-O 6.Qc2 c6 7.O-O Nbd7 8.b3 b6
9.Rd1 Ba6 10.Nbd2 Rc8 11.e4 Qc7 12.Bb2 Rfd8 13.Rac1 Qb8 14.a3 Bb7 15.Qb1 h6
16.e5  1/2-1/2

[Event "Caorle op"]
[Site "Caorle"]
[Date "1982.??.??"]
[Round "1"]
[White "Pergericht, Daniel"]
[Black "Sgaravatti, Francesco"]
[Result "1-0"]
[WhiteElo "2250"]
[BlackElo "2065"]

1.d4 d5 2.c4 e6 3.Nf3 Nf6 4.g3 Be7 5.Bg2 O-O 6.O-O Nbd7 7.Qc2 dxc4 8.Rd1 a6
9.Nbd2 c5 10.dxc5 Qc7 11.Nxc4 Qxc5 12.b4 Qh5 13.a3 Nd5 14.Bb2 b6 15.e4 N5f6
16.Nfe5  1-0

[Event "Caorle op"]
[Site "Caorle"]
[Date "1982.??.??"]
[Round "6"]
[White "Pergericht, Daniel"]
[Black "Zupe, Miran"]
[Result "1/2-1/2"]
[WhiteElo "2250"]
[BlackElo "2280"]

1.d4 Nf6 2.c4 e6 3.g3 d5 4.Bg2 Be7 5.Nf3 O-O 6.O-O dxc4 7.Qc2 Bd7 8.Rd1 Bc6
9.Nc3 Bb4 10.Bg5 h6 11.Bxf6 Qxf6 12.Ne5 Bxg2 13.Kxg2 Qe7  1/2-1/2